000 00525nam a2200157 i 4500
001 42730
003 ES-MaACL
005 20230906160653.0
007 t|
008 030313s1968 sp ||||1| spa d
100 1 _aCastiñeiras García, Maximino.
_936789
245 1 0 _aDel corazón al lector
_b: (poemas, odas y cantares) /
_cMaximino Castiñeiras García.
260 _aSantiago de Compostela :
_b[s.n.],
_c1968 (
_fTip. El eco franciscano)
300 _a90 p. :
_b1 lám. ;
_c21 cm.
852 _aES-MaACL
_jC-49861
_bR.66828
999 _c42730
_d42730